Online katalóg knižníc regiónu Turca

Debutantky (Record no. 22177)

MARC details
000 -LEADER
fixed length control field 01554cam a2200421 a 4500
001 - CONTROL NUMBER
control field 22177
003 - CONTROL NUMBER IDENTIFIER
control field VRT
005 - DATE AND TIME OF LATEST TRANSACTION
control field 20260321114921.0
008 - FIXED-LENGTH DATA ELEMENTS--GENERAL INFORMATION
fixed length control field 251031s2007 xo g 000 f slo
015 ## - NATIONAL BIBLIOGRAPHY NUMBER
National bibliography number SNBA2007/08-03595
020 ## - INTERNATIONAL STANDARD BOOK NUMBER
International Standard Book Number 9788055113609
Qualifying information (viaz.)
035 ## - SYSTEM CONTROL NUMBER
System control number 882201CF-7263-4C0D-A338-8C00D796F266
035 ## - SYSTEM CONTROL NUMBER
System control number urn:nbn:sk:snk-aml7q5
035 ## - SYSTEM CONTROL NUMBER
System control number urn:nbn:sk:snk-am008tca
039 #9 - LEVEL OF BIBLIOGRAPHIC CONTROL AND CODING DETAIL [OBSOLETE]
Level of rules in bibliographic description 202510310917
Level of effort used to assign nonsubject heading access points VLOAD
Level of effort used to assign subject headings 202403131628
Level of effort used to assign classification VLOAD
Level of effort used to assign subject headings 202210181104
Level of effort used to assign classification msnk170
Level of effort used to assign subject headings 201911101908
Level of effort used to assign classification AUTHORITY
040 ## - CATALOGING SOURCE
Original cataloging agency VTHK
Language of cataloging slo
Transcribing agency VTHK
Modifying agency SNK
Description conventions AACR2
041 1# - LANGUAGE CODE
Language code of text/sound track or separate title slo
Language code of original eng
044 ## - COUNTRY OF PUBLISHING/PRODUCING ENTITY CODE
MARC country code xo
ISO country code SK
072 #7 - SUBJECT CATEGORY CODE
Subject category code 821.111(73)-3
Subject category code subdivision Americká próza
Source konspekt
080 ## - UNIVERSAL DECIMAL CLASSIFICATION NUMBER
Universal Decimal Classification number 821.111(73)-31
Edition identifier 2001
100 1# - MAIN ENTRY--PERSONAL NAME
Personal name Steel, Danielle,
Dates associated with a name 1947-
Relationship aut
240 10 - UNIFORM TITLE
Uniform title Coming out
Language of a work Slovensky
245 10 - TITLE STATEMENT
Title Debutantky
Statement of responsibility, etc. Danielle Steel ; [z anglického originálu preložila Tamara Chovanová]
250 ## - EDITION STATEMENT
Edition statement [1.] slov. vyd.
260 ## - PUBLICATION, DISTRIBUTION, ETC.
Place of publication, distribution, etc. Bratislava
Name of publisher, distributor, etc. Ikar
Date of publication, distribution, etc. 2007
300 ## - PHYSICAL DESCRIPTION
Extent 167 s.
Dimensions 21 cm
655 #7 - INDEX TERM--GENRE/FORM
Genre/form data or focus term americké romány
Source of term SNKPH
700 1# - ADDED ENTRY--PERSONAL NAME
Personal name Chovanová, Tamara,
Dates associated with a name 1953-
Relationship trl
942 ## - ADDED ENTRY ELEMENTS (KOHA)
Source of classification or shelving scheme Dewey Decimal Classification
Koha item type Krásna literatúra pre dospelých
Suppress in OPAC No
949 ## - LOCAL PROCESSING INFORMATION (OCLC)
6 3869A09265
a bpksh821.111(73)-31
b bpksh53797
949 ## - LOCAL PROCESSING INFORMATION (OCLC)
6 17A0541827
a snkSC 126837
b snk2007/5357
o 276/07
s 6100:20151111
949 ## - LOCAL PROCESSING INFORMATION (OCLC)
6 273K0425504
a svkpoA 195963
b svkpo489619
949 ## - LOCAL PROCESSING INFORMATION (OCLC)
6 2889130325
a savukPV 10623
b savuk2007/1670
949 ## - LOCAL PROCESSING INFORMATION (OCLC)
6 17A0545825
a snkSC 126837 D1
b snk2007/8508
o 276/07
949 ## - LOCAL PROCESSING INFORMATION (OCLC)
6 270001000294315
a svkbbA 117709
b svkbbm 678799*
o TL;
980 ## - EQUIVALENCE OR CROSS-REFERENCE-SERIES STATEMENT--PERSONAL NAME/TITLE [LOCAL, CANADA]
Personal name 821.111(73)-31
Holdings
Stav vyradenia Strata Poškodenie Spôsob nadobudnutia Domovská knižnica Aktuálna knižnica Dátum nadobudnutia Total checkouts Čiarový kód exemplára Date last seen Typ exemplára
      Dar Obecná knižnica Horná Štubňa Obecná knižnica Horná Štubňa 21.03.2026   9788055113609 21.03.2026 Krásna literatúra pre dospelých
      Dar Obecná knižnica Turčianska Štiavnička Obecná knižnica Turčianska Štiavnička 09.04.2026   4738000950 09.04.2026 Krásna literatúra pre dospelých
Projekt je podporený Slovenskou asociáciou knižníc
Prevádzkuje Turčianska knižnica Martin 2026